[Event "BEL-ch opB"]
[Site "Westerlo"]
[Date "2004.07.??"]
[Round "9"]
[White "Brugali, Nicolas"]
[Black "Gijbels, Rudi"]
[Result "0-1"]
[WhiteElo "1658"]
[BlackElo "1978"]
[PlyCount "116"]
[EventDate "2004.07.??"]
[EventType "swiss"]
[EventRounds "9"]
[EventCountry "BEL"]
[SourceTitle "EXT 2005"]
[Source "ChessBase"]
[SourceDate "2004.11.15"]
[SourceVersion "1"]
[SourceVersionDate "2004.11.15"]
[SourceQuality "1"]

1. d4 Nf6 2. Bg5 d5 3. e3 e6 4. Nd2 h6 5. Bh4 c5 6. c3 Nc6 7. Bd3 Bd7 8. Ngf3 Rc8 9. 0-0 Be7 10. Re1 0-0 11. Qe2 a6 12. Rad1 Qb6 13. Nf1 Rfd8 14. Ne5 Be8 15. f4 Qc7 16. g4 Nh7 17. Bg3 Nf8 18. h4 g6 19. h5 Nxe5 20. dxe5 d4 21. hxg6 fxg6 22. Qh2 Kg7 23. c4 Qc6 24. Nd2 dxe3 25. Rxe3 Qa4 26. b3 Qxa2 27. f5 Bg5 28. f6+ Kg8 29. Bf4 Rc7 30. Rh3 Rh7 31. Rf1 Qb2 32. Bxg5 hxg5 33. Rxh7 Qd4+ 34. Kh1 Bc6+ 35. Nf3 Nxh7 36. Bxg6 Bxf3+ 37. Rxf3 Qa1+ 38. Kg2 Rd2+ 39. Rf2 Rxf2+ 40. Kxf2 Qb2+ 41. Kg1 Qxh2+ 42. Kxh2 Nf8 43. Be4 b5 44. cxb5 axb5 45. Bc6 b4 46. Kg3 Ng6 47. Bd7 Kf7 48. Bb5 Nxe5 49. Be2 Nc6 50. Kf2 Kxf6 51. Ke3 Ke5 52. Kd3 Nd4 53. Bd1 Kd5 54. Ke3 e5 55. Kd3 e4+ 56. Kd2 Ke6 57. Ke3 Ke5 58. Kf2 Kf4 0-1